[Event "1st Goa GM Open 2018"]
[Site "Taleigao"]
[Date "2018.10.15"]
[Round "4"]
[White "Rajdeep Sarkar"]
[Black "Rohit, Singh Rana"]
[Result "1-0"]
[WhiteElo "2355"]
[BlackElo "2102"]
[Annotator "TA"]
[PlyCount "101"]
[EventDate "2018.10.13"]
[EventType "swiss"]
[EventCountry "IND"]
[SourceTitle "playchess.com"]
[Source "ChessBase"]
[SourceQuality "1"]

{[%evp 11,101,-2,-8,0,0,-5,0,-22,14,20,17,10,15,15,48,41,67,68,88,90,90,91,75,46,46,45,44,54,50,49,195,152,220,215,225,208,372,375,368,352,403,379,360,268,249,232,283,199,279,283,208,205,188,160,160,160,143,50,50,7,7,0,7,8,8,8,187,182,268,268,268,268,268,268,271,198,813,1008,1363,333,1009,922,1475,1452,1220,910,1152,1119,1219,1215,29985,29986]} 1. Nf3 c5 2. b3 Nf6 3. Bb2 g6 4. Bxf6 (4. c4 Bg7 5. g3 O-O 6. Bg2 Nc6 7. O-O d6 8. d4 Ne4 9. e3 f5 10. Nbd2 e5 11. dxe5 Nxd2 12. Qxd2 dxe5 13. Qd5+ Qxd5 14. cxd5 Nb4 15. Nxe5 Re8 16. Nc4 Bxb2 17. Nxb2 b6 18. a3 {1-0 (38) Wojtaszek,R (2736)-Sadzikowski,D (2584) Katowice 2017}) 4... exf6 5. c4 d5 6. cxd5 {A05: Réti Opening: 1 Nf3 Nf6} Qxd5 {LiveBook: 4 Games} 7. Nc3 Qd8 8. Rc1 {The position is equal.} f5 9. g3 b6 10. Bg2 Bb7 11. O-O Bg7 12. d4 $146 {[%cal Bd2d4,Bd4c5][%mdl 32]} Na6 13. dxc5 $1 Bxc3 14. Rxc3 Qxd1 15. Rxd1 {Strongly threatening c6.} Nxc5 16. b4 Ne6 17. Ne5 Bxg2 18. Kxg2 O-O 19. Rd7 $36 {[%mdl 2048] White is pushing.} a5 20. b5 Rad8 (20... Nc5 $14) 21. Rc6 $18 f6 (21... Nc5 $16 {is a better defense.} 22. Rxd8 Rxd8) 22. Rxe6 fxe5 {[%mdl 4096] Endgame KRR-KRR} 23. Rb7 $1 Rfe8 $2 (23... Rf7 24. Rbxb6 (24. Rexb6 Rd2 $16) 24... Rd2) 24. Rxe8+ Rxe8 25. Rxb6 {KR-KR} a4 26. Rb7 e4 27. e3 Re5 28. h3 h5 29. a3 Rc5 (29... Kf8 $142 30. g4 h4) 30. b6 Rb5 31. g4 h4 32. gxf5 gxf5 33. Ra7 Rxb6 {[#]} 34. Rxa4 (34. Ra5 $1 $16) 34... Kf7 $14 35. Rc4 Rb2 36. Rc6 Kg7 37. a4 {[%cal Ba3a4,Ba4a5,Ba5a6,Ba6a7][%mdl 32]} Ra2 38. Ra6 {Threatens to win with a5.} Ra1 $2 (38... f4 $11 {and Black is okay.}) 39. a5 $18 Ra2 (39... Kf7 {might work better.} 40. Ra8 Ke6) 40. Ra7+ Kg6 41. a6 Ra1 42. Ra8 Kg7 43. a7 {Hoping for f4.} Ra2 44. Kf1 Ra1+ {[#]} 45. Ke2 $1 {[%cal Re2d2]} Ra2+ $2 (45... Kh7 46. Kd2 Ra3) 46. Kd1 Ra1+ 47. Kc2 Ra2+ 48. Kb3 Ra1 49. Kb4 Ra6 50. Kc5 Ra5+ 51. Kb6 {Precision: White = 70%, Black = 31%.} 1-0

[Event "1st Goa GM Open 2018"]
[Site "Taleigao"]
[Date "2018.10.15"]
[Round "4"]
[White "Raahul V S"]
[Black "Predke, Alexandr"]
[Result "1/2-1/2"]
[WhiteElo "2294"]
[BlackElo "2615"]
[Annotator "TA"]
[PlyCount "60"]
[EventDate "2018.10.13"]
[EventType "swiss"]
[EventCountry "IND"]
[SourceTitle "playchess.com"]
[Source "ChessBase"]
[SourceQuality "1"]

{[%evp 20,60,16,12,35,26,21,20,28,22,63,59,70,60,85,62,59,59,81,0,0,0,70,12,136,0,0,0,0,0,0,0,8,8,8,8,12,3,15,7,7,0,18]} 1. c4 e5 2. Nc3 Nf6 3. Nf3 Nc6 4. g3 Bb4 5. Nd5 Bc5 6. Bg2 d6 7. O-O Nxd5 {A29: English Opening: Four Knights Variation with 4 g3} (7... O-O 8. d3 Nxd5 9. cxd5 Nd4 10. Nxd4 exd4 11. f4 g6 12. Bd2 Re8 13. b4 Bb6 14. a4 a5 15. b5 Bg4 16. Rf2 Qd7 17. Qf1 {0-1 (54) Granda Zuniga,J (2662)-Anton Guijarro,D (2654) Linares 2017}) 8. cxd5 Nd4 9. Nxd4 Bxd4 10. e3 Bb6 11. f4 {LiveBook: 3 Games} Bd7 $146 ({Predecessor:} 11... exf4 12. Rxf4 O-O 13. b3 Qg5 14. Bb2 Bd7 15. a4 {1-0 (36) Stohl,I (2504)-Roubalik,J (2394) Slovakia 2017}) 12. fxe5 dxe5 13. b4 O-O 14. a4 {[#] Threatens to win with a5.} a5 15. Ba3 Re8 $1 16. Qb3 $36 {[%mdl 2048] White has good play.} e4 17. bxa5 Bxa5 18. Rf2 (18. Qxb7 Bxd2 19. Bc1 Ba5 $15) 18... f5 19. Qxb7 (19. g4 $16) 19... Bb6 $11 20. d6 $1 cxd6 ({Better is} 20... Rxa4 $11 21. dxc7 Qxc7 22. Qd5+ Be6) 21. Bxd6 (21. g4 $1 $14) 21... Qf6 (21... Bxa4 $11 22. Rxf5 Qxd6 23. Rxa4 Qxd2 24. Qf7+ (24. Rxa8 Qxe3+ 25. Kf1 Qd3+ 26. Ke1 Qb1+ 27. Ke2 Qd3+ 28. Ke1 Qb1+ 29. Ke2 Qd3+ 30. Ke1 $11) (24. Qxb6 $2 Qd1+ 25. Rf1 Qxa4 $19) (24. Rxe4 Rf8 $14) 24... Kh8 25. Rxe4 Rg8) 22. Rb1 (22. Qxd7 $16 Qxa1+ 23. Bf1 Qxa4 24. Qxf5) 22... Bxe3 $1 {The position is equal.} 23. Qb3+ Kh8 24. dxe3 {[#] And now Qd5 would win.} Qxd6 25. Rd1 Qc6 (25... Qe6 {looks sharper.} 26. Qd5 Qe7 27. Qd6 g6 28. Qd4+ Kg8) 26. Qd5 Qxd5 27. Rxd5 Bxa4 {Threatening ...g6.} 28. Rdxf5 Bc6 29. Rf7 Bd5 30. Rd7 Bc6 {Precision: White = 61%, Black = 43%.} 1/2-1/2

[Event "1st Goa GM Open 2018"]
[Site "Taleigao"]
[Date "2018.10.15"]
[Round "4"]
[White "Patil, Pratik"]
[Black "Viani Antonio Dcunha"]
[Result "0-1"]
[WhiteElo "2280"]
[BlackElo "2430"]
[Annotator "TA"]
[PlyCount "56"]
[EventDate "2018.10.13"]
[EventType "swiss"]
[EventCountry "IND"]
[SourceTitle "playchess.com"]
[Source "ChessBase"]
[SourceQuality "1"]

{[%evp 21,56,12,8,-7,-23,-23,-30,-23,-29,-45,-27,-55,0,-11,-25,-39,-33,-10,-21,-14,33,22,33,22,53,35,33,0,12,-19,-19,-27,-36,-39,-37,-382,-373]} 1. e4 c5 2. Nc3 Nc6 3. f4 g6 4. Nf3 Bg7 5. Bb5 Nd4 6. O-O Nxb5 7. Nxb5 d5 {B23: Closed Sicilian: Lines without g3} (7... d6 8. d3 Nf6 9. Qe1 h6 10. Nc3 b6 11. b3 O-O 12. f5 gxf5 13. Qh4 Ng4 14. h3 Bxc3 15. hxg4 e6 16. Bg5 hxg5 17. Nxg5 {1-0 (62) Adhiban,B (2671)-Oparin,G (2626) Monzon 2016}) 8. exd5 a6 9. Nc3 Nf6 10. d4 c4 11. Ne5 Nxd5 {LiveBook: 10 Games} 12. Ne4 Qc7 13. c3 $146 ({Predecessor:} 13. Qe2 O-O 14. c3 b5 15. Nc5 {½-½ (44) Aulaskari,P (2355)-Piersig,K (2358) ICCF email 2007}) 13... f6 14. Nf3 $1 O-O 15. Qe2 b6 16. Bd2 Bb7 (16... Bd7 $15) 17. f5 gxf5 18. Ng3 Bc8 19. Nh5 e6 20. Nh4 Qf7 21. Nxg7 Kxg7 22. Qxc4 Bb7 {[%cal Bc8b7,Bb7e4,Be4d5][%mdl 32]} 23. Qe2 $36 {[%mdl 2048] Strongly threatening c4. White fights for an advantage.} Ne7 24. Qe3 Be4 25. Qh6+ Kh8 26. Rae1 Bd5 27. b3 b5 $1 28. Bf4 $2 {[%mdl 8192] [#]} (28. g3 $15) 28... Ng8 $1 {Precision: White = 35%, Black = 71%.} 0-1

[Event "1st Goa GM Open 2018"]
[Site "Taleigao"]
[Date "2018.10.15"]
[Round "4"]
[White "Pranav Vijay"]
[Black "Deepan Chakkravarthy J."]
[Result "0-1"]
[WhiteElo "2265"]
[BlackElo "2540"]
[Annotator "TA"]
[PlyCount "93"]
[EventDate "2018.10.13"]
[EventType "swiss"]
[EventCountry "IND"]
[SourceTitle "playchess.com"]
[Source "ChessBase"]
[SourceQuality "1"]

{[%evp 9,93,16,18,8,18,12,21,19,23,-3,15,0,0,0,0,0,0,-2,0,0,0,-9,-6,-285,-280,-416,-427,-474,-470,-457,-465,-467,-446,-416,-346,-319,-252,-252,-244,-239,-244,-254,-239,-231,-230,-282,-235,-274,-250,-276,-258,-316,-307,-314,-312,-315,-310,-322,-316,-325,-308,-413,-303,-462,-320,-429,-278,-425,-416,-531,-443,-547,-446,-440,-438,-431,-408,-451,-424,-626,-506,-685,-692,-640,-587,-542]} 1. Nf3 c6 2. c4 d5 3. cxd5 cxd5 4. d4 e6 5. Nc3 Bd6 (5... Nc6 6. Bf4 Bd6 7. Bg3 Nge7 8. e3 Nf5 9. Bxd6 Nxd6 10. Bd3 O-O 11. O-O Bd7 12. Rc1 Rc8 13. Qe2 f5 14. b3 Qe7 15. Qb2 Ne4 16. Ne2 Nb4 17. Bb1 Bb5 18. Rxc8 Rxc8 {½-½ (34) Xu,Y (2522)-Li,D (2426) Wuxi 2016}) 6. Bg5 {D10: Slav Defence: 3 cxd5 (without early Nf3) and 3 Nc3} Ne7 7. e3 Nbc6 8. Bd3 {The position is equal.} O-O {[%cal Bh8f8,Bf8f6,Bf6c6][%mdl 32]} 9. a3 $146 ({Predecessor:} 9. Rc1 a6 10. O-O Bd7 11. e4 f6 12. Bh4 Be8 13. exd5 exd5 {0-1 (35) Horak,K (1705)-Ruzicka,T Strmilov 2004}) 9... Bd7 10. Bc2 Rc8 11. Qd3 {[%csl Gc2][%cal Rd3h7]} f5 12. Bf4 Be8 13. Ng5 Rf6 14. Bxd6 Qxd6 15. f4 Na5 16. b3 $2 {[%mdl 8192]} (16. Qe2 $11 {and White has nothing to worry.}) 16... Qc7 $19 17. Kd2 {[#]} (17. b4 $142) 17... e5 $1 {[%mdl 512]} 18. dxe5 Rc6 {[%cal Rc6c3]} 19. Ne6 Rxe6 20. Rhc1 Rc6 21. Bd1 Qb6 22. Na4 Qa6 23. Qxa6 Rxa6 24. Rxc8 Nxc8 25. Nc5 Rc6 26. Nd3 Ne7 27. Rb1 Rc8 28. Ne1 Nac6 29. Nc2 Rd8 30. Kd3 {[#]} d4 $1 31. exd4 {[#]} (31. Nxd4 Nxd4) 31... Nxd4 $1 {[%mdl 512]} 32. Nxd4 {next Bf3 is good for White.} Nc6 33. Ke3 Nxd4 34. Rc1 Bc6 35. b4 Kf8 36. a4 (36. g3 $142) 36... Ke7 37. Rc3 a6 38. Rc4 (38. Rd3 $142 Ne6 39. Rxd8 Nxd8 40. g3) 38... Ne6 39. Rc1 Nc7 {Threatens to win with ...Nd5+.} 40. Bc2 g6 41. Bb3 Nd5+ 42. Bxd5 Rxd5 ({Much less strong is} 42... Bxd5 43. g3 $19) 43. a5 Ke6 {Black is clearly winning.} 44. h4 (44. g3 $142) 44... Rd7 45. Rc5 Rd1 46. Rc2 Rg1 47. b5 {Precision: White = 39%, Black = 59%.} 0-1

[Event "1st Goa GM Open 2018"]
[Site "Taleigao"]
[Date "2018.10.15"]
[Round "4"]
[White "Kumar, Gaurav"]
[Black "Anwesh, Upadhyaya"]
[Result "1/2-1/2"]
[WhiteElo "2236"]
[BlackElo "2381"]
[Annotator "TA"]
[PlyCount "66"]
[EventDate "2018.10.13"]
[EventType "swiss"]
[EventCountry "IND"]
[SourceTitle "playchess.com"]
[Source "ChessBase"]
[SourceQuality "1"]

{[%evp 10,66,5,7,21,7,7,10,8,10,15,7,4,-22,14,0,0,0,0,-11,-7,-17,0,0,8,16,14,8,6,3,6,10,38,32,43,39,41,27,39,46,38,30,24,22,14,22,16,0,0,-4,-3,-4,-4,-16,0,0,0,0,0]} 1. e4 e5 2. Nf3 Nc6 3. d4 exd4 4. Nxd4 Bc5 5. Nxc6 bxc6 6. Bd3 Qh4 {[%csl Gc5][%cal Rh4f2] [#] C45: Scotch Game} (6... d6 7. Nc3 Qh4 8. Qe2 Nf6 9. Na4 Nd7 10. O-O O-O 11. Kh1 Bd4 12. c3 Bb6 13. f4 Re8 14. Bd2 Nf6 15. Qe1 Qxe1 16. Raxe1 {½-½ (51) Fedoseev,V (2707)-Sargissian,G (2680) Abu Dhabi 2018}) 7. Qe2 Nf6 8. Be3 Bxe3 9. Qxe3 d6 10. Nd2 O-O 11. h3 Ng4 12. Qe2 $146 ({Predecessor:} 12. Nf3 Qh5 13. Qd4 c5 14. Qc3 {½-½ (38) Van der Wiel,J (2570)-Winants,L (2495) Netherlands 1994}) 12... Ne5 13. Nf3 Qf6 14. Nxe5 Qxe5 15. c3 Rb8 16. O-O f5 17. f4 Qc5+ 18. Qf2 Qxf2+ 19. Rxf2 fxe4 20. Bxe4 d5 21. Bf3 a5 22. c4 dxc4 23. Bxc6 {And now Bd5+ would win.} Rb6 24. Bd5+ Be6 25. Bxe6+ Rxe6 $14 {[%mdl 4096] Endgame KRR-KRR} 26. Rc1 Re4 {The position is equal.} 27. g3 Rd8 28. Rfc2 Rd3 29. Kf2 Ree3 30. Rxc4 Rxg3 31. Rxc7 Rgf3+ 32. Ke2 {aiming for Re7.} Rfe3+ 33. Kf2 Rf3+ {Precision: White = 61%, Black = 56%.} 1/2-1/2

[Event "1st Goa GM Open 2018"]
[Site "Taleigao"]
[Date "2018.10.15"]
[Round "4"]
[White "Ram, S. Krishnan"]
[Black "Bakunts, Rafael"]
[Result "0-1"]
[WhiteElo "2131"]
[BlackElo "2427"]
[Annotator "TA"]
[PlyCount "79"]
[EventDate "2018.10.13"]
[EventType "swiss"]
[EventCountry "IND"]
[SourceTitle "playchess.com"]
[Source "ChessBase"]
[SourceQuality "1"]

{[%evp 37,79,72,72,62,160,73,102,0,0,-43,126,160,153,130,137,77,150,96,467,393,563,0,0,0,203,223,445,428,581,579,589,522,503,415,379,0,479,-2460,74,0,319,0,365,0]} 1. Nf3 Nf6 2. c4 g6 3. Nc3 Bg7 4. d4 O-O 5. e4 d6 6. Be2 e5 7. O-O Nc6 8. d5 Ne7 9. Ne1 Nd7 10. Be3 f5 11. f3 f4 12. Bf2 g5 13. Nd3 Ng6 14. c5 Nf6 15. cxd6 cxd6 16. Rc1 h5 17. Nb5 Rf7 18. Nxa7 {E99: King's Indian: Classical Main Line: 9 Ne1 Nd7 10 f3 f5} Bd7 19. Qb3 g4 {LiveBook: 4 Games} (19... Qb8 20. Nb5 Ne8 21. Nb4 Nf8 22. Bb6 Bf6 23. Kh1 Bd8 24. Bg1 g4 25. g3 Bg5 {0-1 (51) Smirnov,P (2617)-Savchenko,B (2567) Olongapo City 2015}) 20. Qb6 {White is better.} Qe8 $146 (20... Qxb6 $14 21. Bxb6 h4) ({Predecessor:} 20... Qb8 21. Kh1 Ne8 22. Rc4 g3 23. Bg1 gxh2 24. Bf2 h4 25. Kxh2 Bf6 {1-0 (35) Janczarski,M (2346)-Nowicki,B (2173) Warsaw 2013}) 21. Rc7 (21. Qxd6 $142 {Threatens to win with Qb6.} g3 22. Bc5) 21... h4 $16 22. Rfc1 (22. Qxd6 g3 $18) (22. Rxb7 g3 $16) (22. h3 $1 $16 {[%cal Rh3g4]} gxh3 23. gxh3 (23. Qxb7 Qd8 $17) (23. Qxd6 hxg2 24. Kxg2 Qd8 $16)) 22... g3 $11 23. Be1 {Strongly threatening Bf1.} gxh2+ $2 (23... h3 $15 {stays ahead.}) 24. Kxh2 $16 h3 25. gxh3 Bf8 26. Nf2 (26. Rxb7 $142 {And now Rcc7 would win.} Rg7 27. Rcc7) 26... Nh5 {[#]} (26... Qd8 $142) 27. Ng4 (27. Rxb7 Ng3 $18) (27. Bb5 $142 $1 Nh4 28. R1c3) 27... Ng3 $2 {[%mdl 8192] [#]} (27... Bxg4 $16 28. fxg4 (28. hxg4 Ng3 $15) 28... Ng3) 28. Bb5 $1 $18 {[%cal Rb5d7]} Bxb5 (28... Rd8 {was necessary.} 29. Rxd7 Rdxd7) 29. Rc8 $2 ({White should try} 29. Nxb5 $18 Nh4 30. Nxd6) 29... Rxc8 $11 30. Rxc8 Qe7 $2 (30... Nh4 $11 31. Rxe8 (31. Bxg3 $2 fxg3+ 32. Kxg3 Rxf3+ 33. Kh2 Qg6 $19) 31... Nxf3+ 32. Kg2 Nxe1+ 33. Kf2 Nd3+ 34. Kg2 Bxe8) 31. Nxb5 $18 Qh4 $2 (31... Nh4 32. Qf2 (32. Bxg3 $2 fxg3+ 33. Kg1 Nxf3+ 34. Kg2 Nh4+ 35. Kxg3 Qg5 $19) 32... Qd7 33. Nh6+ Kg7) 32. Qg1 Rh7 {[%csl Gh7][%cal Rh4h3]} 33. Qg2 Qg5 34. Nxd6 Nh4 35. Qf2 Ng6 {White must now prevent ...Rxh3+.} 36. Qg2 Nh4 $1 {[%cal Rh4g2]} 37. Qh1 $4 {[%mdl 8192]} ({Not} 37. Qf2 Ng6 $18) (37. Ne8 $18 Nxg2 38. Nef6+ Kg7 39. Rc7+ Be7 40. Kxg2 Qxf6 41. Nxf6 Kxf6 42. d6 (42. Rxb7 Rg7 $11)) 37... Ng6 $2 (37... Nxh1 $19 38. Bxh4 Qxh4 39. Nf6+ Qxf6) 38. Qg2 $2 (38. Rxf8+ $16 Kxf8 39. Qg2) 38... Nh4 $1 {[%cal Rh4g2]} 39. Qf2 Ng6 {...Rxh3+ is the strong threat.} 40. Qg2 $2 {[%mdl 32768] Precision: White = 25%, Black = 26%. . Loss on Time!?} ({White should play} 40. Qb6 $18 Qh4 41. Nf2 (41. Kg1 $2 Qxh3 42. Nf6+ Kh8 $19)) 0-1

[Event "1st Goa GM Open 2018"]
[Site "Taleigao"]
[Date "2018.10.15"]
[Round "4"]
[White "Ramakrishna, J.."]
[Black "Fominyh, Alexander"]
[Result "1/2-1/2"]
[WhiteElo "2115"]
[BlackElo "2405"]
[Annotator "TA"]
[PlyCount "102"]
[EventDate "2018.10.13"]
[EventType "swiss"]
[EventCountry "IND"]
[SourceTitle "playchess.com"]
[Source "ChessBase"]
[SourceQuality "1"]

{[%evp 19,102,0,13,0,22,0,21,-23,-21,-33,20,20,19,12,20,17,27,11,8,17,48,48,48,50,43,6,8,15,29,-15,70,31,35,31,34,31,37,38,35,39,39,22,16,16,41,41,41,41,48,41,41,41,45,0,0,0,0,0,0,0,0,0,0,0,0,0,0,0,0,0,0,0,0,0,0,0,0,0,0,0,0,0,0,0,0]} 1. c4 e5 2. g3 c6 3. d4 exd4 4. Qxd4 d5 5. Bg2 Nf6 6. Nc3 Be6 7. cxd5 cxd5 8. Nf3 Nc6 9. Qa4 Bc5 10. O-O O-O {LiveBook: 37 Games} 11. Bf4 {A20: English Opening: 1...e5} (11. Ng5 h6 12. Nxe6 fxe6 13. a3 Rc8 14. e3 Qe7 15. Bd2 Ne5 16. Rad1 Qf7 17. h3 Qh5 18. Qb5 Nf3+ 19. Bxf3 Qxf3 {½-½ (71) Jones,G (2661)-Edouard,R (2659) London 2014}) 11... Qe7 12. Rad1 $146 ({Predecessor:} 12. Ne5 Rac8 13. Nd3 Bd4 14. Nb5 Bb6 15. Bd6 Qd7 16. Bxf8 Rxf8 17. Nc3 Bh3 18. Bxh3 Qxh3 {1-0 (30) Salvetti,A (2226)-Stips,F (2227) Lugano 2013}) 12... Rfd8 13. Nb5 Rac8 14. Nbd4 Bg4 ({Black should try} 14... Bd7 $15 15. Qb3 Bb6) 15. Nxc6 $11 bxc6 16. Bg5 {[#] Strongly threatening Bxf6.} Bd7 ({But not} 16... Qxe2 $6 17. Bxf6 Bxf3 18. Bxf3 $16) 17. Qh4 Rb8 18. b3 Rb4 19. Nd4 h6 20. Bxf6 $1 Qxf6 21. Qxf6 gxf6 22. e3 a5 23. Rd2 Rb6 24. e4 dxe4 {[#]} (24... Bb4 $1 $11 25. Rdd1 c5) 25. Nf5 $1 {[%mdl 512] Hoping for Rfd1.} Bb4 (25... Bxf5 26. Rxd8+) 26. Rdd1 Rbb8 27. Bxe4 Bxf5 28. Bxf5 Bd2 29. Kg2 c5 30. Kf3 Rd4 31. Rb1 a4 32. bxa4 Rxb1 33. Rxb1 Rxa4 $14 {[%mdl 4096] Endgame KRB-KRB} 34. Rb2 Bc3 35. Rc2 Bd4 36. Bd3 Ra3 {The position is equal.} 37. Ke2 Bxf2 38. Kxf2 {Black must now prevent Bc4.} Rxd3 $11 {KR-KR} 39. a4 Ra3 40. Rxc5 Rxa4 41. Kf3 Kg7 42. h4 {[%cal Bh2h4,Bh4h5][%mdl 32]} Ra1 43. Kg4 Kg6 44. h5+ Kg7 45. Kf4 Rg1 46. Kg4 Rf1 47. Rf5 Re1 48. Kf4 Rd1 49. Ra5 Rd4+ 50. Kf3 Rc4 51. Rb5 Ra4 {Precision: White = 64%, Black = 49%.} 1/2-1/2

[Event "1st Goa GM Open 2018"]
[Site "Taleigao"]
[Date "2018.10.15"]
[Round "4"]
[White "Venkata Ramana, J."]
[Black "Stany, G.A."]
[Result "0-1"]
[WhiteElo "2086"]
[BlackElo "2502"]
[Annotator "TA"]
[PlyCount "102"]
[EventDate "2018.10.13"]
[EventType "swiss"]
[EventCountry "IND"]
[SourceTitle "playchess.com"]
[Source "ChessBase"]
[SourceQuality "1"]

{[%evp 20,102,20,17,31,32,83,42,37,37,44,44,39,38,39,36,36,37,56,20,25,15,11,2,15,0,0,0,0,0,0,0,0,0,-6,-44,-47,-118,-124,-97,-106,-155,-140,-193,-165,-134,-83,-256,-272,-247,-177,-268,-77,-86,-81,-98,-95,-104,0,-166,-158,-154,-160,-161,-177,-171,-162,-269,-267,-379,-372,-365,-356,-482,-473,-462,-464,-452,-448,-516,-516,-818,-813,-790,-807]} 1. Nf3 Nf6 2. g3 g6 3. Bg2 d5 4. c4 Bg7 5. O-O dxc4 6. Qa4+ Nfd7 7. Qxc4 Nb6 {A07: Réti Opening: New York and Capablanca Systems} 8. Qc2 Nc6 (8... e5 9. d3 O-O 10. Bg5 f6 11. Be3 Nc6 12. Bc5 Re8 13. Nbd2 f5 14. b4 a5 15. b5 {0-1 (68) Jakovenko,D (2704)-Vidit,S (2689) Doha 2016}) 9. d4 Nxd4 10. Nxd4 Qxd4 11. Qxc7 {LiveBook: 6 Games} O-O $146 ({Predecessor:} 11... Qc4 12. Qxc4 Nxc4 13. Nc3 {½-½ (13) Vedral,O (2321)-Svoboda,S (2331) Czechia 2014}) 12. Nc3 Be6 (12... Re8 $14) 13. Bf4 Qb4 14. Rab1 Rad8 15. a3 Qb3 16. Qxe7 Rd7 17. Qb4 Qxb4 18. axb4 Nc4 {[%cal Bb6c4,Bc4d2,Bd2b3,Bb3d4,Bd4c2][%mdl 32]} 19. Na4 b6 20. Bc6 Rd4 21. e3 Rdd8 22. Rfd1 h6 23. h4 Nd2 24. Ra1 Bg4 25. Re1 Bf3 26. e4 {[#] aiming for Bd5.} Nb3 27. Ra3 Nd4 $36 {[%mdl 2048] Black fights for an advantage.} 28. b5 ({White should try} 28. Rb1 $15) 28... Nc2 $17 29. Rxf3 Nxe1 30. Rb3 Rd1 {Strongly threatening ...g5!} 31. Kh2 (31. Nc3 $17 Bxc3 32. Rxc3) 31... Nc2 32. e5 Nd4 (32... Rfd8 $142 {And now ...Re1 would win.} 33. Nc3 Re1) 33. Rc3 $2 (33. Ra3 $17) 33... Ra1 $19 34. b3 Rb1 35. Rd3 (35. Bd5 $142) 35... Nxb3 $2 (35... Rd8 $19 {and Black stays clearly on top.} 36. Bg2 Rxb3 37. Rxb3 Nxb3) 36. Rd7 Ra1 37. Nc3 Nc5 38. Re7 Rc8 (38... Nd3 $17 39. Ne4 Ra2) 39. Be8 $2 (39. Bd5 $1 $11) 39... Bf8 40. Bxf7+ Kg7 41. Re8 Rxe8 42. Bxe8 Nd3 43. Be3 (43. e6 $142) 43... Bc5 ({Stronger than} 43... Nxe5 44. Bd4 $11) 44. Bxc5 (44. e6 {was necessary.} Nxf2 45. Bf4) 44... bxc5 {[%mdl 4096] Endgame KRN-KBN} ({Less strong is} 44... Nxc5 45. Kg2 $17) 45. e6 Re1 ({Don't take} 45... Nxf2 46. e7 $19) 46. Bd7 Nxf2 {Black is clearly winning.} 47. Kg2 Ng4 48. Kf3 Nf6 49. Bc8 c4 50. Ne2 {[#]} (50. Bd7 $142 Kf8 51. Bc8) 50... c3 $1 {White must now prevent ...c2.} 51. Nxc3 Rc1 {Precision: White = 45%, Black = 64%.} 0-1

[Event "1st Goa GM Open 2018"]
[Site "Taleigao"]
[Date "2018.10.15"]
[Round "4"]
[White "Barath Kalyan M"]
[Black "Audi Ameya"]
[Result "1/2-1/2"]
[WhiteElo "2084"]
[BlackElo "2375"]
[Annotator "TA"]
[PlyCount "113"]
[EventDate "2018.10.13"]
[EventType "swiss"]
[EventCountry "IND"]
[SourceTitle "playchess.com"]
[Source "ChessBase"]
[SourceQuality "1"]

{[%evp 13,113,6,12,-39,-24,-36,-35,-46,-38,-43,24,-31,-20,-45,-45,-62,-10,-62,43,36,29,0,157,-51,-55,-46,0,-118,-123,-87,0,0,20,19,26,25,63,63,44,48,104,0,0,-202,-211,-206,-200,-193,-159,-134,68,42,15,7,341,295,331,312,331,89,89,89,89,89,89,89,89,89,94,77,94,77,89,43,94,94,94,94,94,94,94,94,94,94,94,94,94,94,94,94,94,94,94,94,94,8,8,8,8,8,8,8]} 1. c4 Nf6 2. Nc3 g6 3. g3 Bg7 4. Bg2 d6 5. e4 c5 6. Nge2 Nc6 7. O-O h5 {[%cal Bh7h5,Bh5h4,Bh4h3][%mdl 32]} 8. h3 {A36: Symmetrical English vs ...g6: 4 Bg2 Bg7} (8. h4 $11) (8. h4 Ng4 9. d3 a6 10. a4 e6 11. f3 Nge5 12. Be3 Nb4 13. Nc1 O-O 14. Kh1 b6 15. Qe2 Bb7 {0-1 (75) Sreeves,C (2291)-Pert,N (2562) England 2015}) 8... h4 $15 {...hxg3 is the strong threat.} 9. g4 {[#]} Nxg4 $1 {[%mdl 512]} 10. hxg4 {Black is slightly better.} Bxg4 11. f3 Bd7 $146 (11... h3 $15 12. fxg4 hxg2 13. Kxg2 Qd7) ({Predecessor:} 11... Be6 12. d3 h3 13. Bh1 h2+ 14. Kf2 Bh3 {1-0 (38) Smolkin,A (1981)-Guivan,V (2146) Lvov 2012}) 12. Rf2 (12. Kh2 $11) 12... h3 {[%mdl 1024] Black has compensation.} 13. Bf1 e6 {White must now prevent ...Qh4.} 14. d3 Qh4 $1 $36 {[%mdl 2048] Black is pushing.} 15. Be3 (15. Rh2 $11 Nd4 16. Bg2) 15... Bh6 ({Black should try} 15... Ne5 $15) 16. Bxh6 $1 $14 Rxh6 17. Rh2 Ne5 $2 {[#]} (17... Qg5+ $11 18. Kh1 Ke7) 18. Rxh3 $2 (18. Bg2 $1 $16 {[%mdl 512]}) 18... Nxf3+ $1 $15 19. Kh1 $1 Qg5 {aiming for ...e5.} 20. Rxh6 (20. Qc1 $1 $11 Nd2 21. Rxh6 Qxh6+ 22. Kg2) 20... Qxh6+ $17 21. Kg2 Qe3 (21... Ne5 $17 22. Qc1 g5) 22. Qc1 $11 Nd2 ({Avoid the trap} 22... Qxd3 $2 23. Qf4 $18) 23. Ng1 {[%cal Be2g1,Bg1f3,Bf3h4,Bh4f5][%mdl 32]} O-O-O 24. Qe1 Nxf1 25. Qxf1 f5 $1 26. Nf3 Rh8 {[#]} 27. Qe2 (27. Qg1 $1 $16 {[%cal Rg1e3]} Qxd3 28. Rd1 Qxc4 29. Rxd6) 27... Qf4 28. Rg1 $2 (28. Qe1 $11 {and White stays safe.}) 28... g5 $19 {[%cal Bg6g5,Bg5g4][%mdl 32]} 29. Qe1 g4 {[%csl Gg4][%cal Rf4f3]} 30. Nh4 Qg5 31. Rh1 Rh6 $2 ({Better is} 31... Rh5 $17 {Hoping for ...f4.} 32. Kf1 g3) 32. exf5 $1 $14 Bc6+ 33. Ne4 {Strongly threatening Kg3.} exf5 $2 {[%mdl 8192] [#]} (33... Rxh4 $1 $11 34. Rxh4 (34. Qxh4 Qd2+ 35. Kg1 Qc1+ 36. Kh2 Qf4+ 37. Qg3 Qh6+ 38. Kg2 Qd2+ 39. Kf1 Qd1+ 40. Kf2 Qxh1 $11) 34... exf5) 34. Nxf5 $1 $18 {[%mdl 512]} Rxh1 (34... Qxf5 35. Rxh6) 35. Nfxd6+ Kd7 36. Qxh1 $2 (36. Kxh1 $18 {and the rest is easy. Threatens to win with Kg1.} Qe5 37. Kg1) 36... Qd2+ $16 37. Kg3 Qxd3+ 38. Kxg4 {White wants to mate with Qh7+.} Qxd6 39. Qh7+ ({But not} 39. Nxd6 $6 Bxh1 40. Nb5 Be4 $11) 39... Qe7 40. Nxc5+ $1 Kd6 41. Qxe7+ Kxe7 {[%mdl 4096] Endgame KB-KN} 42. Kf4 Kd6 43. Nd3 a5 {[#]} (43... b5 $14) 44. Ke3 $1 b6 45. Kd4 Bg2 46. Nf4 Bf3 47. Nd5 Kc6 48. Nc3 Bh5 49. a3 Bf3 50. b4 axb4 51. axb4 Bg2 52. Ne4 Bf1 53. Nd2 Be2 54. Ke4 (54. Nb1 $16) 54... Bxc4 $1 $11 {The position is equal.} 55. Nxc4 {Threatening mate with Na3.} Kb5 56. Kd4 {And now Kc3 would win.} Kxb4 57. Nxb6 {Precision: White = 53%, Black = 57%.} 1/2-1/2